000 00770nam a2200217Ia 4500
003 GCL
008 140319s9999 xx 000 0 ara d
040 _aGCL /
_cGCL
082 0 4 _a338.27282
_bع د
100 1 _aالمنظمة العربية للتربية والثقافة
245 1 0 _aدراسات فى اقتصاديات النفط العربى /
_cالمنظمة العربية للتربية والثقافة
700 1 _aعبدالمنعم السيد على
260 _a[S.N] :
_bالمنظمة الاسلامية للتربية والعلوم والثقافة ،
_c1979
300 _a288 ص
490 _a
650 0 4 _aالاقتصاد
650 0 4 _aالبترول
650 0 4 _aاقتصاديات
650 0 4 _aالاسعار
942 _2ddc
_cBK
999 _c30725
_d30725